| 000 | 00444nam a2200193Ia 4500 | ||
|---|---|---|---|
| 008 | 170918s9999 xx 000 0 und d | ||
| 020 | _a9780590623575 | ||
| 050 | _bJ291 1991 | ||
| 100 | _aJames, Simon | ||
| 245 | _aDear Mr. Blueberry / | ||
| 245 | _cSimon James. | ||
| 260 | _aNew York : | ||
| 260 | _bScholastic, | ||
| 260 | _c1991 | ||
| 300 | _aunpaged : | ||
| 300 | _bcolored illustration ; | ||
| 300 | _c20cm. | ||
| 500 | _a660 | ||
| 999 |
_c341737 _d341737 |
||